Movies of 2017 - Statistics

General Stats
  • This quiz has been taken 49 times
  • The average score is 43 of 100
Answer Stats
Hint Movie % Correct
A suit-wearing, briefcase-carrying baby pairs up with his 7-year old brother to stop the dastardly plot of the CEO of Puppy Co. The Boss Baby
87%
An adaptation of the fairy tale about a monstrous-looking prince and a young woman who fall in love. Beauty and the Beast
79%
African-American man visits his white girlfriend's family, but notices that their servants are acting strange. Get Out
79%
A group of bullied kids band together when a shape-shifting monster begins hunting children. It
79%
Devoted lifeguard butts heads with a brash new recruit, as they uncover a criminal plot that threatens the future of the bay. Baywatch
77%
Intergalactic Guardians must fight to keep their newfound family together as they unravel the mystery of their leader's true parentage. Guardians of the Galaxy Vol. 2
77%
Young musician enters the Land of the Dead to find his great-great-grandfather. Coco
74%
God of Thunder must prevent the Goddess of Death from destroying his home and its people. Thor: Ragnarok
74%
Allied soldiers are surrounded by the German army on a French beach during World War II. Dunkirk
72%
Four teenagers discover an old video game console and are literally drawn into the game's jungle setting. Jumanji: Welcome to the Jungle
72%
Teen must balance his life as an ordinary high school student and a superhero, while a new menace prowls the skies of New York City. Spider-Man: Homecoming
72%
Mute janitor forms a relationship with a mysterious aquatic creature. The Shape of Water
72%
When a pilot crashes and tells of conflict in the outside world, an Amazonian warrior leaves home to fight a war, discovering her full powers and true destiny. Wonder Woman
72%
When a murder occurs on the train he's travelling on, a celebrated detective is recruited to solve the case. Murder on the Orient Express
69%
An a cappella girl group reunites for one last singing competition, this time against groups that play instruments. Pitch Perfect 3
69%
Girl seeks the help of a powerful Jedi master to help the Resistance as they escape the First Order. Star Wars: Episode VIII - The Last Jedi
69%
πŸ‘ŽπŸ’©πŸ‘ŽπŸ’©πŸ‘ŽπŸ’©πŸ‘ŽπŸ’©πŸ‘ŽπŸ’©πŸ‘ŽπŸ’©πŸ‘ŽπŸ’©πŸ‘ŽπŸ’©πŸ‘ŽπŸ’©πŸ‘ŽπŸ’©πŸ‘ŽπŸ’©πŸ‘ŽπŸ’©πŸ‘ŽπŸ’©πŸ‘ŽπŸ’©πŸ‘ŽπŸ’©πŸ‘ŽπŸ’©πŸ‘ŽπŸ’©πŸ‘ŽπŸ’©πŸ‘ŽπŸ’© The Emoji Movie
69%
After being coerced into working for a crime boss, a young getaway driver finds himself taking part in a heist doomed to fail. Baby Driver
67%
Newly-appointed British Prime Minister Winston Churchill must decide whether to negotiate with Hitler or fight on against incredible odds. Darkest Hour
67%
Costumed billionaire enlists the help of four other superheroes to save the world from an evil threat. Justice League
67%
Having finally gotten used to each other's existence, Ferrell and Wahlberg must now deal with their intrusive fathers during the holidays. Daddy's Home 2
64%
Tiny blue people find a mysterious map that leads them to a lost village. Smurfs: The Lost Village
64%
Three girls are kidnapped by a man with a diagnosed 23 distinct personalities. Split
64%
The world's top bodyguard gets a new client, a hit man who must testify at the International Criminal Court. The Hitman's Bodyguard
62%
A dog looks to discover his purpose in life over the course of several lifetimes and owners. A Dog's Purpose
59%
Kind-hearted bull is mistaken for a dangerous beast, and is captured and torn from his home. Ferdinand
59%
Despite being dead for a decade, police investigate a new succession of murders that fit the modus operandi of the Jigsaw killer. Jigsaw
56%
Two young pranksters hypnotize their principal into thinking he's an incredibly dimwitted superhero. Captain Underpants: The First Epic Movie
54%
Man realizes he would have a better life if he were to shrink himself to five inches tall, allowing him to live in wealth and splendor. Downsizing
54%
A college student must relive the day of her murder over and over again, in a loop that will end only when she discovers her killer's identity. Happy Death Day
54%
Weary mutant finds a young mutant with similar powers and accompanies her on a journey across the United States. Logan
54%
The last Gunslinger is determined to stop an evil man in black from destroying a tower that holds the universe together. The Dark Tower
54%
An ancient, malevolent Egyptian princess is awakened from her crypt beneath the desert. The Mummy
54%
Former villain meets his long-lost twin brother, who wants to team up with him for one last criminal heist. Despicable Me 3
51%
A team of scientists explore an uncharted island in the Pacific, venturing into the domain of giant monsters. Kong: Skull Island
51%
A coming-of-age story of a high school senior and her turbulent relationship with her mother. Lady Bird
51%
17-year-old boy living in Italy forms a romantic relationship with his father's research assistant. Call Me By Your Name
49%
The sequel to the film based on the book based on a Twilight fan-fiction. I refuse to say more. Fifty Shades Darker
49%
Five medical students embark on an experiment to see what happens after death. Flatliners
49%
A team of scientists aboard the International Space Station discover a rapidly evolving life form that caused extinction on Mars and now threatens all life on Earth. Life
49%
Swashbuckler searches for the trident of Poseidon while being pursued by an undead sea captain and his crew. Pirates of the Caribbean: Dead Men Tell No Tales
49%
European mercenaries searching for black powder become embroiled in the defense of the Great Wall of China against a horde of monstrous creatures. The Great Wall
49%
America's first female newspaper publisher teams with a hard-driving editor regarding the publishing of the Pentagon Papers. The Post
49%
When a young man pulls a sword from stone, he is forced to acknowledge his true legacy - whether he likes it or not. King Arthur: Legend of the Sword
46%
When their headquarters are destroyed, British spy organization joins forces with their American counterparts to defeat a common enemy. Kingsman: The Golden Circle
46%
A couple's relationship is tested when uninvited guests arrive at their home, disrupting their tranquil existence. mother!
46%
Aspiring actor forms a unique friendship with a mysterious man, and together they create the best worst movie ever made. The Disaster Artist
46%
LAPD replicant discovers a long-buried secret that leads him to track down a former officer who's been missing for thirty years. Blade Runner 2049
44%
Racing legend sets out to prove to a new generation of racers that he's still the best in the world. Cars 3
44%
A group of high-school students, who are infused with unique superpowers, harness their abilities in order to save the world. Power Rangers
44%
Comedian falls in love with a sick grad student and is forced to deal with her family's expectations as well as his own feelings. The Big Sick
44%
When a mysterious woman seduces a former street racer into the world of terrorism and betrayal, his crew faces trials that will test them as never before. The Fate of the Furious
44%
Narcissistic superhero must deal with the usual suspects, while discovering that he has accidentally adopted a teenage orphan who wishes to become his sidekick. The Lego Batman Movie
44%
The crew of a colony ship, bound for a remote planet, discover an uncharted paradise with a threat beyond their imagination, and must attempt a harrowing escape. Alien: Covenant
41%
American pilot becomes a drug-runner for the CIA in the 1980s in a operation that would become the Iran-Contra Affair. American Made
41%
Dollmaker and his wife welcome a nun and several girls from a shuttered orphanage into their home, where they soon become the target of a possessed doll. Annabelle: Creation
41%
A woman lands a dream job at a powerful tech company, only to uncover an agenda that will affect the lives of all of humanity. The Circle
41%
The story of a visionary who rose from nothing to create a spectacle that became a worldwide sensation. The Greatest Showman
41%
A mother personally challenges the local authorities to solve her daughter's murder when they fail to catch the culprit. Three Billboards Outside Ebbing, Missouri
41%
Two sisters vacationing in Mexico are trapped in a shark cage at the bottom of the ocean. 47 Meters Down
38%
When a teenage boy is kidnapped, his devoted mother tries to convince his billionaire grandfather to pay the ransom. All the Money in the World
38%
Couple starts an illegal casino in their friend's house to make back the money to their daughter's college scholarship. The House
38%
After suffering unimaginable losses, the leader of a group of primates seeks revenge on a delusional colonel. War for the Planet of the Apes
38%
After returning to the criminal underworld to repay a debt, a hitman discovers that a large bounty has been put on his life. John Wick: Chapter 2
36%
Renowned dressmaker's life is disrupted by a young, strong-willed woman, who becomes his muse and lover. Phantom Thread
36%
Purple squirrel and his friends must stop their city's mayor from destroying their home to make way for a dysfunctional amusement park. The Nut Job 2: Nutty by Nature
36%
A 6-year-old girl lives in a motel with her rebellious mother in Orlando as they try to stay out of trouble and make ends meet. The Florida Project
33%
A network of satellites designed to control the global climate starts to attack Earth. Geostorm
31%
Shunned by everyone for being the son of an evil warlord, a teenager seeks to defeat him with the help of his fellow ninjas. The Lego Ninjago Movie
31%
Two strangers survive a plane crash in the snowy mountains and embark on a perilous journey across the wilderness. The Mountain Between Us
31%
The true and untold story of prolific rapper, actor, poet and activist Tupac Shakur, apparently. All Eyez On Me
28%
The story of an Olympic-class skier who ran the world's most exclusive high-stakes poker game and became an FBI target. Molly's Game
28%
Things go terribly wrong for a group of girlfriends who hire a male stripper for a bachelorette party in Miami. Rough Night
28%
When her boyfriend dumps her before their exotic vacation, a young woman persuades her ultra-cautious mother to travel with her to paradise. Snatched
28%
Four lifelong friends travel to New Orleans for the annual Essence Festival. Girls Trip
26%
Undercover MI6 agent is sent to Berlin during the Cold War to investigate the murder of a fellow agent and recover a missing list of double agents. Atomic Blonde
23%
During riots in 1967 Michigan, a group of rogue police officers respond to a complaint with retribution rather than justice on their minds. Detroit
23%
The Umbrella Corporation is gathering its forces for a final strike against the only remaining survivors of the apocalypse. Resident Evil: The Final Chapter
23%
Man loses his legs in the Boston Marathon bombing when he tries to rekindle his relationship with his ex-girlfriend. Stronger
23%
British explorer disappears while searching for a mysterious city in the Amazon in the 1920s. The Lost City of Z
23%
Zookeepers in Warsaw save hundreds of people and animals during the German invasion. The Zookeeper's Wife
23%
Evil alien robots intend to drain the Earth's life force so that their home world can be restored. Transformers: The Last Knight
23%
A veteran tracker with the Fish and Wildlife Service helps to investigate the murder of a young Native American woman. Wind River
23%
A recently deceased, white-sheeted ghost returns to his suburban home to try to reconnect with his bereft wife. A Ghost Story
21%
A teenager who's spent her whole life confined to her home falls for the boy next door. Everything, Everything
21%
A young woman finds herself on the receiving end of a terrifying curse that threatens to take her life in seven days. Rings
21%
Group of elite firefighters risk everything to protect a town from a historic wildfire. Only the Brave
18%
Agent / profession stuntman is left for dead after an incident, though he secretly returns to action for a new, tough assignment. xXx: Return of Xander Cage
18%
After the death of his girlfriend at the hands of terrorists, young man is mentored by a former Navy SEAL. American Assassin
15%
A grieving man receives a mysterious, personal invitation to meet with God. The Shack
15%
After a heist goes awry, a bank robber spends a night trying to free his mentally ill brother from being sent to Riker's Island prison. Good Time
13%
Special operatives must eliminate a dark force that threatens the home of species from a thousand different planets. Valerian and the City of a Thousand Planets
13%
Three lifelong pals risk it all by embarking on a daring bid to knock off the very bank that absconded with their money. Going in Style
10%
Three friends stumble upon the horrific origins of a mysterious figure they discover is the root cause of the evil behind unspeakable acts. The Bye Bye Man
10%
A young girl comes of age in a dysfunctional family with parents who would stir the children's imagination with hope as a distraction to their poverty. The Glass Castle
10%
Vampire death dealer fights to end the eternal war between werewolves and vampires. Underworld: Blood Wars
10%
A human saved from a terrible crash is cyber-enhanced to be a perfect soldier devoted to stopping the world's most dangerous criminals. Ghost in the Shell
8%
Humble businessman with a buried past seeks justice when his daughter is killed in an act of terrorism. The Foreigner
8%
Three elderly "women" venture to a haunted campground and must run for their lives when monsters are unleashed. Boo 2! A Madea Halloween
5%
An orphan girl flees her rural home, passes for someone else, and accedes to the position of pupil at the Grand Opera house. Leap!
3%
No matching quizzes found
Score Distribution
Percent of People with Each Score
Percentile by Number Answered
Your Score History
You have not taken this quiz